| 000 | 01249cam a22003374a 4500 | ||
|---|---|---|---|
| 001 | 4772483 | ||
| 003 | ARRUPE | ||
| 005 | 20150129020006.0 | ||
| 008 | 020719s2004 enka b 001 0 eng | ||
| 010 | _a 2002011554 | ||
| 020 | _a0195149947 (cloth : alk. paper) | ||
| 035 | _a(OCoLC)ocm50270340 | ||
| 035 | _a(NNC)4772483 | ||
| 040 |
_aDLC _cDLC _dYDX _dIBS |
||
| 042 | _apcc | ||
| 050 | 0 | 0 |
_aBF161 _b.S3512 2004 |
| 082 | 0 | 0 |
_a150 _221 |
| 100 | 1 |
_aSchulkin, Jay. _914553 |
|
| 245 | 1 | 0 |
_aBodily sensibility : _bintelligent action / _cJay Schulkin. |
| 260 |
_aOxford ; New York : _bOxford University Press, _cc2004. |
||
| 300 |
_a190 p. : _bill. ; _c25 cm. |
||
| 490 | 1 | _aSeries in affective science | |
| 504 | _aIncludes bibliographical references (p. 137-177) and index. | ||
| 505 | 0 | _aBodily representations, behavior, and the brain -- Demythologizing the emotions -- Aesthetic judgment, discrepancy, and inquiry -- Moral sensibility and social cohesion -- Drives and explanations -- Corporeal representations. | |
| 650 | 0 |
_aMind and body. _914387 |
|
| 650 | 0 |
_aCognition. _92049 |
|
| 650 | 0 |
_aHuman information processing. _914397 |
|
| 830 | 0 |
_aSeries in affective science. _914644 |
|
| 942 |
_2lcc _cMONOGRAPH _01 |
||
| 999 |
_c121897 _d121897 |
||